[Event "Défi( 10J+24H/c 10J Max )"]
[Site "www.echecsemail.com"]
[Date "2026.01.10"]
[Round "1"]
[White "Lancov"]
[Black "Alain34"]
[WhiteElo "1910"]
[BlackElo "2110"]
[Result "0-1"]
1.e4 d6
2.d4 Ng8f6
3.Nb1c3 g6
4.f3 c6
5.Ng1e2 Nb8d7
6.Bc1e3 Nd7b6
7.Ne2f4 Qd8c7
8.Qd1d2 Bc8d7
9.g4 e5
10.Nf4g2 O-O-O
11.Bf1e2 d5
12.h3 exd4
13.Be3xd4 Qc7g3
14.Kf1 Bf8g7
15.f4 Nf6xe4
16.Nc3xe4 dxe4
17.Bd4f2 e3
18.Bf2xe3 Bd7e6
19.Qd2c1 Be6d5
20.Rh1g1 Qg3xh3
21.Kf2 Rh8e8
22.c3 f5
23.gxf5 Qh3xf5
24.Ng2e1 Kb8
25.Be2g4 Qf5f7
26.Ne1c2 g5
27.Kg3 h5
28.Bg4d1 g4
29.Nc2d4 Nb6c4
30.Be3d2 c5
31.Nd4b3 Bd5c6
32.Bd2e1 Re8e3
{ abandon }0-1

[Event "Tournoi n27335"]
[Site "www.echecsemail.com"]
[Date "2026.01.10"]
[Round "1"]
[White "Alain64"]
[Black "Breitenbach"]
[WhiteElo "2120"]
[BlackElo "2250"]
[Result "0-1"]
1.c4 e5
2.Nb1c3 Ng8f6
3.d3 d5
4.cxd5 Nf6xd5
5.Ng1f3 Nb8c6
6.g3 Bc8e6
7.Bf1g2 Bf8e7
8.O-O O-O
9.Bc1d2 f6
10.a3 Nd5b6
11.b4 Qd8d7
12.Qd1c2 Rf8d8
13.Ra1c1 a6
14.Rf1d1 Be7f8
15.Nc3e4 Qd7f7
16.Ne4c5 Bf8xc5
17.Qc2xc5 Nb6a4
18.Qc5e3 Be6d5
19.Nf3h4 Nc6d4
20.Bg2xd5 Rd8xd5
21.Bd2c3 Na4xc3
22.Rc1xc3 Nd4b5
23.Rc3c5 Nb5xa3
24.Rc5xd5 Qf7xd5
25.Nh4f5 Qd5d7
26.d4 Na3b5
27.Qe3b3 Kh8
28.Qb3f3 c6
29.d5 Ra8d8
30.e4 g6
31.Nf5e3 Qd7e7
32.Ne3g4 Rd8d6
33.dxc6 Rd6xc6
34.Qf3b3 Nb5d4
35.Qb3d5 Rc6d6
36.Qd5c4 Nd4f3
37.Kg2 Nf3h4
38.gxh4 Rd6xd1
39.b5 Rd1d4
40.Qc4c8 Rd4d8
41.Qc8c4 axb5
42.Qc4xb5 Kg7
43.Ng4e3 Qe7d7
44.Qb5b1 Rd8c8
45.Ne3d5 Rc8c4
46.f3 Rc4d4
47.Nd5b6 Rd4d2
48.Kg3 Qd7d4
{ abandon }0-1

[Event "Tournoi n27376"]
[Site "www.echecsemail.com"]
[Date "2026.01.10"]
[Round "1"]
[White "Onetwoyve"]
[Black "Verson"]
[WhiteElo "1880"]
[BlackElo "1870"]
[Result "0-1"]
1.e4 e6
2.d4 d5
3.Nb1c3 dxe4
4.Nc3xe4 Nb8d7
5.Bc1e3 Ng8f6
6.Qd1d3 b6
7.g3 Bc8b7
8.Bf1g2 Nf6xe4
9.f3 Ne4f6
10.Ng1e2 Bf8d6
11.h4 O-O
12.h5 h6
13.g4 Nf6d5
14.Be3d2 Nd5b4
15.Qd3b3 Nb4d5
16.f4 c6
17.g5 hxg5
18.fxg5 c5
19.Qb3h3 cxd4
20.h6 g6
21.h7 Kh8
22.Qh3h6 Bd6e5
23.O-O-O Be5g7
24.Qh6h4 Qd8c7
25.Bd2f4 Nd5xf4
26.Ne2xf4 Bb7xg2
27.Nf4xg2 Ra8c8
28.Rd1d2 Nd7e5
29.Qh4e4 Ne5c4
30.Rd2f2 Qc7e5
31.Qe4b7 Rc8c7
32.Qb7f3 Qe5xg5
33.Kb1 Nc4d2
34.Rf2xd2 Qg5xd2
35.Ng2e1 Rf8c8
36.Qf3b3 Qd2d1
0-1

[Event "Défi( 10J+24H/c 10J Max )"]
[Site "www.echecsemail.com"]
[Date "2026.01.10"]
[Round "1"]
[White "Chobi"]
[Black "Tunnellavage"]
[WhiteElo "1770"]
[BlackElo "1770"]
[Result "1-0"]
1.e4 e5
2.Ng1f3 Nb8c6
3.a3 a6
4.Bf1c4 Ng8f6
5.d3 Bf8c5
6.O-O d6
7.Nb1c3 h6
8.h3 O-O
9.Nf3h2 Nc6e7
10.Bc1e3 Ne7g6
11.Nc3e2 Qd8e7
12.Be3xc5 dxc5
13.f4 Rf8d8
14.f5 Ng6f8
15.Qd1e1 Nf8h7
16.Qe1h4 b5
17.Bc4a2 Bc8b7
18.Rf1f3 Qe7d7
19.Rf3g3 Kh8
20.Rg3e3 a5
21.Nh2g4 c4
22.Ra1d1 Nf6xe4
23.Ng4xe5 { abandon }1-0

[Event "Memorial Lara CIII"]
[Site "www.echecsemail.com"]
[Date "2026.01.10"]
[Round "1"]
[White "Karkaskat"]
[Black "Orosco"]
[WhiteElo "2100"]
[BlackElo "2270"]
[Result "0-1"]
1.d4 Ng8f6
2.c4 e6
3.Nb1c3 d5
4.e3 Bf8e7
5.Ng1f3 O-O
6.cxd5 exd5
7.Bf1d3 c5
8.dxc5 Be7xc5
9.O-O Nb8c6
10.a3 Bc8g4
11.h3 Bg4xf3
12.Qd1xf3 Nc6e5
13.Qf3e2 d4
14.exd4 Bc5xd4
15.Rf1d1 Ne5xd3
16.Rd1xd3 Qd8b6
17.b4 Rf8e8
18.Qe2d2 Ra8d8
19.Bc1b2 Bd4xf2
20.Kh1 Bf2e3
{ abandon }0-1

[Event "Défi( 10J+24H/c 10J Max )"]
[Site "www.echecsemail.com"]
[Date "2026.01.10"]
[Round "1"]
[White "Titit1"]
[Black "Mokanne"]
[WhiteElo "1490"]
[BlackElo "1450"]
[Result "1-0"]
1.e4 e5
2.Ng1f3 d6
3.Bf1c4 h6
4.O-O Bf8e7
5.Nb1c3 a6
6.a3 c6
7.d4 b5
8.Bc4d3 Bc8b7
9.dxe5 Nb8d7
10.Bc1f4 g5
11.Bf4g3 Qd8c7
12.Nf3d4 dxe5
13.Nd4f5 Be7f6
14.a4 Bb7c8
15.a5 Kf8
16.b4 Ng8e7
17.Nf5xe7 Bf6xe7
18.Kh1 Be7f6
19.f3 Kg7
20.Nc3e2 Bc8b7
21.c3 Rh8d8
22.Ra1c1 Kh8
23.c4 bxc4
24.Bd3xc4 Kg7
25.f4 exf4
26.Bg3f2 Nd7e5
27.Qd1c2 Qc7e7
28.Bf2c5 Qe7xc5
29.bxc5 Ne5d7
30.Rc1b1 Ra8b8
31.g3 Bf6e5
32.gxf4 Be5f6
33.e5 Bf6e7
34.fxg5 Nd7xe5
35.gxh6 Kh8
36.Bc4xf7 Rd8f8
37.Qc2e4 Rf8xf7
38.Qe4xe5 Kg8
39.Rf1g1 Kf8
40.Qe5xb8 Be7d8
41.Qb8xd8 1-0

[Event "Défi"]
[Site "www.echecsemail.com"]
[Date "2026.01.10"]
[Round "1"]
[White "Midas"]
[Black "Castor"]
[WhiteElo "1620"]
[BlackElo "1330"]
[Result "1-0"]
1.e4 c6
2.Nb1c3 d6
3.d4 Qd8b6
4.Ng1f3 e6
5.Bf1e2 Ng8f6
6.O-O Bf8e7
7.b3 a5
8.a4 Nb8a6
9.Be2xa6 bxa6
10.Bc1e3 Qb6b7
11.h3 d5
12.e5 Nf6d7
13.Nc3e2 c5
14.Ra1b1 Qb7a7
15.c3 O-O
16.Ne2g3 Qa7c7
17.Be3f4 Qc7c6
18.Qd1d2 f6
19.Rf1c1 Be7d8
20.Ng3e2 Bd8c7
21.Kf1 Nd7b6
22.h4 Ra8b8
23.Qd2e3 Bc8d7
24.dxc5 Nb6a8
25.Bf4g3 Rb8e8
26.Rc1d1 f5
27.Bg3f4 Bc7b8
28.b4 Qc6c8
29.Rb1a1 Bb8a7
30.Nf3d4 Qc8c7
31.h5 Qc7c8
32.Rd1c1 Re8e7
33.Qe3d2 Re7e8
34.Qd2e3 Re8d8
35.Qe3g3 Bd7e8
36.h6 Be8g6
37.hxg7 Rf8e8
38.Bf4h6 Qc8c7
39.Ne2f4 Qc7b8
40.Nf4xe6 Rd8c8
41.f4 axb4
42.Rc1b1 a5
43.Rb1b2 Qb8b7
44.Ra1b1 Na8c7
45.Ne6xc7 Rc8xc7
46.cxb4 Re8b8
47.bxa5 Qb7a6
48.Kg1 Qa6xa5
49.Rb2xb8 Ba7xb8
50.Rb1xb8 Kf7
51.g8Q { abandon }1-0

[Event "XERTIGNY  VOSGES"]
[Site "www.echecsemail.com"]
[Date "2026.01.10"]
[Round "1"]
[White "Intrigue"]
[Black "Petitlulu64"]
[WhiteElo "1720"]
[BlackElo "1760"]
[Result "1-0"]
1.e4 e5
2.Ng1f3 Ng8f6
3.Bf1c4 Nb8c6
4.Nb1c3 Bf8c5
5.O-O O-O
6.a3 d6
7.b4 Bc8g4
8.bxc5 Nc6d4
9.Bc4e2 Nd4xe2
10.Qd1xe2 dxc5
11.h3 Bg4h5
12.d3 Nf6d7
13.Bc1e3 c6
14.a4 Qd8f6
15.g4 Bh5g6
16.Be3g5 Qf6e6
17.Nf3h4 h6
18.Bg5e3 Bg6h7
19.Nh4f5 Bh7xf5
20.exf5 Qe6e8
21.Nc3e4 Nd7b6
22.Be3xc5 Nb6d5
23.Bc5xf8 Nd5f4
24.Qe2f3 Qe8xf8
25.Kh2 Qf8e7
26.Rf1e1 Ra8d8
27.Re1g1 Nf4d5
28.g5 hxg5
29.Rg1xg5 Nd5f4
30.Qf3g3 f6
31.Rg5g4 Nf4h5
32.Qg3h4 Qe7f7
33.Ra1b1 Nh5f4
34.Ne4xf6 Kf8
35.Nf6h7 Kg8
36.Qh4xd8 Kxh7
37.Rb1g1 Nf4h5
38.Qd8g5 e4
39.Qg5g6 Qf7xg6
40.fxg6 Kh6
41.Rg4xe4 Nh5f6
42.Re4e7 Nf6d5
43.Re7xb7 Nd5f4
44.Rb7xa7 Nf4xg6
45.Rg1xg6 { abandon }1-0

[Event "TRISTAN DA CUNHA"]
[Site "www.echecsemail.com"]
[Date "2026.01.10"]
[Round "1"]
[White "Casisimed"]
[Black "Petitlulu64"]
[WhiteElo "1640"]
[BlackElo "1750"]
[Result "0-1"]
1.e4 e5
2.Ng1f3 Nb8c6
3.Nb1c3 Ng8f6
4.Bf1c4 d6
5.O-O Bf8e7
6.Rf1e1 O-O
7.d4 exd4
8.Nf3xd4 Bc8d7
9.Bc1g5 h6
10.Bg5h4 Nc6e5
11.Bc4b3 c5
12.Nd4f5 Bd7xf5
13.exf5 c4
14.Bb3a4 a6
15.Bh4xf6 Be7xf6
16.Nc3d5 Qd8a5
17.Nd5xf6 gxf6
18.b3 b5
19.Ba4xb5 Qa5xb5
20.Qd1xd6 cxb3
21.cxb3 Ra8d8
22.Qd6xf6 Ne5g4
23.Qf6h4 Qb5xf5
24.h3 Ng4f6
25.Re1e3 Kh7
26.Re3f3 Qf5e5
27.Rf3xf6 Qe5xa1
28.Kh2 Qa1e5
29.g3 Qe5g5
30.Qh4e4 Kg8
31.Rf6f5 Qg5g6
32.Qe4f4 Rd8d4
33.Qf4e5 Qg6d6
34.Qe5e2 Rd4d5
35.Qe2g4 Kh7
36.Qg4e4 Rd5xf5
37.Qe4xf5 Qd6g6
38.Qf5c5 Rf8g8
39.a4 h5
40.Qc5c4 Rg8g7
41.b4 Qg6f5
42.Qc4e2 h4
43.gxh4 Qf5f4
44.Kh1 Qf4xb4
45.Qe2h5 Kg8
46.a5 Qb4e1
{ abandon }0-1

[Event "VIC LA GARDIOLE"]
[Site "www.echecsemail.com"]
[Date "2026.01.10"]
[Round "1"]
[White "Mindthegap"]
[Black "Tartu"]
[WhiteElo "1440"]
[BlackElo "1690"]
[Result "0-1"]
1.e4 e5
2.Ng1f3 Nb8c6
3.Nb1c3 Ng8f6
4.d4 exd4
5.Nf3xd4 Bf8c5
6.Nd4xc6 bxc6
7.Bc1g5 Bc5e7
8.Bf1c4 O-O
9.O-O d6
10.Bg5xf6 Be7xf6
11.Rf1e1 h6
12.Re1e3 Bc8e6
13.Bc4xe6 fxe6
14.Qd1e2 Ra8b8
15.Ra1b1 Kh8
16.Qe2c4 Qd8d7
17.Rb1d1 Rb8xb2
18.e5 Bf6e7
19.Re3f3 Rf8xf3
20.gxf3 d5
21.Nc3xd5 cxd5
22.Qc4a6 Be7c5
{ abandon }0-1

[Event "Coupe Niveau 5"]
[Site "www.echecsemail.com"]
[Date "2026.01.10"]
[Round "1"]
[White "Jmarcboury"]
[Black "Verson"]
[WhiteElo "2230"]
[BlackElo "1870"]
[Result "1-0"]
1.e4 e6
2.Qd1e2 d5
3.exd5 Qd8xd5
4.Nb1c3 Qd5c6
5.Ng1f3 Ng8f6
6.g3 Bf8d6
7.Bf1g2 O-O
8.O-O Qc6e8
9.d4 Nb8c6
10.Bc1g5 Bd6e7
11.Ra1d1 Qe8d7
12.Nf3e5 Qd7d8
13.Bg2xc6 bxc6
14.Ne5xc6 Qd8d6
15.Nc6xe7 Qd6xe7
16.Nc3d5 Bc8b7
17.Nd5xe7 { abandon }1-0

[Event "Coupe Niveau 4"]
[Site "www.echecsemail.com"]
[Date "2026.01.10"]
[Round "1"]
[White "Verson"]
[Black "Carrighir"]
[WhiteElo "1860"]
[BlackElo "2100"]
[Result "0-1"]
1.d4 f5
2.Ng1f3 Ng8f6
3.e3 e6
4.Bf1c4 d5
5.Bc4d3 Bf8d6
6.Nb1d2 O-O
7.O-O Nf6e4
8.c4 c6
9.Qd1c2 Nb8d7
10.b3 Qd8e8
11.Bc1b2 Qe8h5
12.Nf3e5 Rf8f6
13.Bd3e2 Qh5h6
14.Qc2d3 c5
15.Nd2f3 cxd4
16.Bb2xd4 Nd7c5
17.Bd4xc5 Bd6xc5
18.a3 a5
19.Rf1e1 Ne4g5
20.Ne5g4 fxg4
21.Nf3xg5 Qh6xg5
22.Ra1b1 Rf6h6
23.cxd5 exd5
24.b4 Bc5d6
{ abandon }0-1

[Event "Tournoi n27330"]
[Site "www.echecsemail.com"]
[Date "2026.01.10"]
[Round "1"]
[White "Tiounet"]
[Black "Legrillon"]
[WhiteElo "1590"]
[BlackElo "1690"]
[Result "1-0"]
1.a3 d5
2.b4 e5
3.Bc1b2 d4
4.Ng1f3 Bc8f5
5.g3 Bf8d6
6.Bf1g2 Bf5e4
7.O-O h6
8.d3 Be4xf3
9.Bg2xf3 c6
10.c3 dxc3
11.Nb1xc3 Ng8f6
12.Nc3e4 Nf6xe4
13.Bf3xe4 O-O
14.Ra1c1 f5
15.Be4g2 Qd8e7
16.Qd1b3 Kh8
17.Bb2c3 b5
18.Bc3b2 Qe7d7
19.Rc1c2 a5
20.bxa5 Ra8xa5
21.Rf1c1 Rf8c8
22.Bb2c3 Ra5xa3
23.Qb3b2 Qd7e7
24.Bc3d2 b4
25.Bg2xc6 Nb8xc6
26.Rc2xc6 Rc8xc6
27.Rc1xc6 Qe7d7
28.Rc6b6 Ra3a4
29.Bd2xb4 Bd6xb4
30.Rb6xb4 Ra4a8
31.Qb2xe5 Ra8e8
32.Qe5b5 Qd7e6
33.e3 Re8c8
34.Rb4c4 Rc8a8
35.Qb5c6 Ra8a1
36.Kg2 Qe6f7
37.Qc6c8 Kh7
38.Rc4c5 f4
39.Qc8f5 Qf7xf5
40.Rc5xf5 Ra1a3
41.Rf5xf4 Ra3xd3
42.h4 h5
43.Rf4d4 Rd3c3
44.Kf3 g6
45.Ke4 Rc3c2
46.f4 Rc2g2
47.Kf3 Rg2c2
48.g4 hxg4
49.Kxg4 Rc2g2
50.Kf3 Rg2h2
51.Kg3 Rh2e2
52.e4 Re2e3
53.Kg4 Re3e2
54.Kg5 Re2g2
55.Kf6 Rg2g4
56.e5 Rg4xh4
57.e6 Rh4h6
58.e7 g5
59.Kxg5 Rh6e6
60.Rd4d7 Kg8
61.f5 Re6e4
62.f6 Kf7
63.Rd7d8 Re4e5
64.Kf4 Re5xe7
65.fxe7 Kxe7
66.Rd8d5 Ke6
67.Rd5a5 Kd6
68.Ke4 Kc6
69.Kd4 Kb6
70.Ra5h5 Kc6
71.Rh5g5 Kb6
72.Kc4 Kc6
73.Rg5g6 Kd7
74.Kc5 Ke7
75.Kd5 Kf7
76.Rg6a6 Ke7
77.Ra6b6 Kf7
78.Ke5 Ke7
79.Rb6b7 Kd8
80.Ke6 Kc8
81.Rb7h7 { abandon }1-0

[Event "Coupe Niveau 4"]
[Site "www.echecsemail.com"]
[Date "2026.01.10"]
[Round "1"]
[White "Elghribi"]
[Black "Verson"]
[WhiteElo "1930"]
[BlackElo "1900"]
[Result "1-0"]
1.e4 e6
2.d4 d5
3.e5 c5
4.c3 Nb8c6
5.Bf1b5 Bc8d7
6.Bb5xc6 Bd7xc6
7.Ng1f3 cxd4
8.cxd4 Ng8e7
9.O-O Ne7f5
10.Nb1c3 Bf8e7
11.a3 O-O
12.b4 Ra8c8
13.Bc1b2 a6
14.Ra1c1 Qd8b6
15.Qd1d2 Bc6b5
16.Nc3xb5 Qb6xb5
17.Rc1c2 Qb5d7
18.Rf1c1 Rc8c6
19.Nf3e1 Rf8c8
20.f3 f6
21.Ne1d3 Rc6xc2
22.Rc1xc2 Rc8c4
23.Nd3c1 Qd7c6
24.Rc2xc4 Qc6xc4
25.Qd2c3 b5
26.Qc3xc4 dxc4
27.Kf2 Be7d8
28.f4 Bd8b6
29.Nc1e2 Kf7
30.g4 Nf5e7
31.Kf3 fxe5
32.dxe5 g6
33.Ke4 h5
34.h3 hxg4
35.hxg4 Ne7c6
36.f5 gxf5
37.gxf5 exf5
38.Kxf5 Nc6d8
39.Ne2f4 Bb6e3
40.e6 Ke8
41.Nf4d5 Be3h6
42.Nd5c7 Kf8
43.Bb2f6 Nd8c6
44.Nc7d5 { abandon }1-0

[Event "Tournoi n27327"]
[Site "www.echecsemail.com"]
[Date "2026.01.10"]
[Round "1"]
[White "Intrigue"]
[Black "Legrillon"]
[WhiteElo "1720"]
[BlackElo "1700"]
[Result "1/2-1/2"]
1.d4 d5
2.c4 e6
3.Nb1c3 c6
4.Ng1f3 f6
5.Bc1f4 dxc4
6.e4 b5
7.a4 a6
8.axb5 cxb5
9.Nc3xb5 Bf8b4
10.Nb5c3 Nb8c6
11.Bf1xc4 a5
12.O-O Ng8e7
13.d5 e5
14.Bf4e3 Nc6a7
15.Qd1b3 Qd8d6
16.Nc3b5 Na7xb5
17.Bc4xb5 Bc8d7
18.Bb5xd7 Qd6xd7
19.h3 Qd7d6
20.Qb3a4 Qd6d7
21.Rf1c1 Qd7xa4
22.Ra1xa4 O-O
23.Rc1c7 Rf8c8
24.Rc7xc8 Ra8xc8
25.Be3b6 Rc8a8
26.g4 Ne7c8
27.Bb6e3 Nc8d6
28.g5 f5
29.Nf3xe5 Nd6xe4
30.h4 Bb4d2
31.Be3xd2 Ne4xd2
32.d6 Nd2e4
33.d7 Ne4c5
34.Ra4d4 Nc5e6
35.Rd4d6 Ne6d8
36.Ne5c6 a4
37.Kf1 Kf7
38.Nc6xd8 Ra8xd8
39.Rd6a6 Rd8xd7
40.Ra6xa4 g6
41.Kg2 Kg7
42.b4 Rd7b7
43.Kg3 h6
44.f4 hxg5
45.hxg5 Kf7
46.Kf3 Ke7
47.Ke3 Kd6
48.Ra4a6 Kd5
49.Ra6xg6 Rb7xb4
50.Rg6f6 Rb4b3
51.Kd2 Ke4
52.g6 Kxf4
53.g7 Rb3g3
54.Rf6f7 { nul }1/2-1/2

[Event "Transval 2"]
[Site "www.echecsemail.com"]
[Date "2026.01.10"]
[Round "1"]
[White "Abelito"]
[Black "Woluwe1975"]
[WhiteElo "1580"]
[BlackElo "1630"]
[Result "1/2-1/2"]
1.e4 e6
2.d4 c5
3.Ng1f3 d5
4.e5 a6
5.Bc1f4 Nb8c6
6.c3 c4
7.b3 b5
8.b4 a5
9.Bf4d2 axb4
10.a3 b3
11.Bf1e2 h6
12.Bd2c1 Ng8e7
13.Bc1b2 Ne7g6
14.O-O Bf8e7
15.a4 bxa4
16.Nb1a3 Bc8a6
17.Nf3d2 O-O
18.Be2g4 Ng6f4
19.g3 Nf4d3
20.Ra1b1 Ra8b8
21.Qd1f3 Nc6a7
22.h4 Rb8b6
23.Kg2 f5
24.Bg4h3 Qd8c7
25.g4 Be7xh4
26.Qf3e3 f4
27.Qe3e2 g5
28.Qe2f3 Rf8c8
29.Kh2 Qc7g7
30.Qf3g2 Rc8f8
31.f3 Kh7
32.Kh1 { nul }1/2-1/2

[Event "Défi( 10J+24H/c 10J Max )"]
[Site "www.echecsemail.com"]
[Date "2026.01.10"]
[Round "1"]
[White "Mino"]
[Black "Mc2108"]
[WhiteElo "1310"]
[BlackElo "1330"]
[Result "1-0"]
1.c4 e5
2.b3 Bf8b4
3.a3 Bb4d6
4.b4 Nb8c6
5.e3 Ng8f6
6.Bf1d3 O-O
7.Qd1f3 h6
8.Qf3g3 e4
9.Qg3h4 Nc6e5
10.Bd3e2 a5
11.c5 Bd6e7
12.Ng1h3 b6
13.g4 Nf6xg4
14.Qh4g3 d6
15.d4 Ne5d7
16.Qg3xg4 axb4
17.Rh1g1 dxc5
18.Qg4xg7 1-0

[Event "Amical( 10J+24H/c 10J Max )"]
[Site "www.echecsemail.com"]
[Date "2026.01.10"]
[Round "1"]
[White "Patau"]
[Black "Woluwe1975"]
[WhiteElo "1700"]
[BlackElo "1610"]
[Result "1-0"]
1.Ng1f3 Ng8f6
2.d4 d5
3.c4 e6
4.cxd5 exd5
5.Nb1c3 c6
6.Bc1f4 Nb8d7
7.e3 Bf8e7
8.Bf1d3 Nf6e4
9.Nc3xe4 dxe4
10.Bd3xe4 Nd7f6
11.Be4d3 O-O
12.O-O Nf6d5
13.Qd1b1 f5
14.Bf4e5 Be7f6
15.Bd3xf5 Bc8xf5
16.Qb1xf5 Kh8
17.Be5xf6 Nd5xf6
18.Qf5e6 Qd8d5
19.Qe6xd5 cxd5
20.Nf3d2 Ra8c8
21.Ra1c1 Kg8
22.h3 Nf6e4
23.Nd2xe4 dxe4
24.Rc1c5 Rc8xc5
25.dxc5 a5
26.Rf1d1 Rf8f5
27.Rd1d8 Kf7
28.Rd8d7 Kg6
29.Rd7xb7 Rf5xc5
30.b4 axb4
31.Rb7xb4 Rc5a5
32.a4 h5
33.Rb4xe4 Kf6
34.f4 g6
35.g4 hxg4
36.hxg4 { abandon }1-0

[Event "YQUELON"]
[Site "www.echecsemail.com"]
[Date "2026.01.10"]
[Round "1"]
[White "Intrigue"]
[Black "Mindthegap"]
[WhiteElo "1680"]
[BlackElo "1540"]
[Result "1-0"]
1.e4 e5
2.Ng1f3 Ng8f6
3.d4 Nf6xe4
4.dxe5 d5
5.Bf1d3 Bf8e7
6.O-O O-O
7.c3 Nb8c6
8.Bc1f4 Bc8g4
9.h3 Bg4xf3
10.Qd1xf3 Ne4c5
11.Bd3b5 a6
12.Bb5xc6 bxc6
13.Nb1d2 Ra8b8
14.b4 Nc5a4
15.Rf1c1 Na4b2
16.Rc1b1 Nb2c4
17.Nd2xc4 dxc4
18.Qf3xc6 Rf8e8
19.Qc6xc4 Rb8b5
20.Rb1d1 Qd8a8
21.Qc4xc7 Qa8e4
22.Bf4g3 Qe4c2
23.Rd1c1 Qc2b2
24.Rc1b1 Qb2d2
25.Rb1d1 { abandon }1-0

[Event "Défi( 10J+24H/c 10J Max )"]
[Site "www.echecsemail.com"]
[Date "2026.01.10"]
[Round "1"]
[White "Qsdmlk"]
[Black "Vb83"]
[WhiteElo "1570"]
[BlackElo "1420"]
[Result "1-0"]
1.d4 d5
2.Bc1g5 h6
3.Bg5h4 g5
4.Bh4g3 Nb8c6
5.Ng1f3 Ng8f6
6.Nb1c3 Bf8g7
7.e3 e6
8.Bf1b5 Bc8d7
9.O-O O-O
10.Rf1e1 Nf6e4
11.Nc3xe4 dxe4
12.Nf3d2 a6
13.Bb5a4 b5
14.Ba4b3 a5
15.Nd2xe4 a4
16.c4 axb3
17.Qd1xb3 bxc4
18.Qb3xc4 Nc6a5
19.Bg3xc7 Qd8c8
20.Qc4c5 Na5c6
21.Qc5d6 Ra8a7
22.Bc7b6 Ra7b7
23.Qd6c5 f5
24.Ne4d6 Qc8b8
25.Nd6xb7 Qb8xb7
26.a3 Rf8b8
27.Qc5d6 Bd7c8
28.Bb6c5 Qb7c7
29.b4 Qc7xd6
30.Bc5xd6 Rb8b6
31.Re1c1 Bc8b7
32.Bd6c5 Rb6b5
33.a4 Rb5xc5
34.bxc5 e5
35.dxe5 Bg7xe5
36.Ra1b1 Bb7c8
37.Rb1b6 Bc8d7
38.Rb6b7 Bd7e8
39.Rc1b1 Nc6a5
40.Rb7b8 Be5xb8
41.Rb1xb8 Kf7
42.Rb8a8 Na5c6
43.a5 Ke7
44.a6 Kd7
45.a7 Nc6xa7
46.Ra8xa7 Kc6
47.Ra7a6 Kxc5
48.Ra6xh6 Kc4
49.Rh6f6 { abandon }1-0

[Event "Coupe Niveau 2"]
[Site "www.echecsemail.com"]
[Date "2026.01.10"]
[Round "1"]
[White "Nbelnico"]
[Black "4x4"]
[WhiteElo "1710"]
[BlackElo "1470"]
[Result "1-0"]
1.e4 e5
2.Ng1f3 d6
3.h3 Nb8c6
4.Bf1c4 Bc8e6
5.Bc4xe6 fxe6
6.O-O Qd8d7
7.d4 Nc6xd4
8.Nf3xd4 exd4
9.Qd1xd4 c5
10.Qd4d1 O-O-O
11.c4 Ng8f6
12.Nb1c3 Qd7c6
13.Rf1e1 Nf6d7
14.a3 Bf8e7
15.Nc3b5 a6
16.Nb5a7 Kc7
17.Na7xc6 bxc6
18.Qd1a4 Rd8a8
19.b4 Nd7b6
20.Qa4b3 Be7f6
21.Bc1b2 Ra8e8
22.Bb2xf6 gxf6
23.a4 a5
24.bxa5 Nb6a8
25.a6 Re8b8
26.Qb3f3 Rb8f8
27.Re1b1 f5
28.Rb1b7 Kc8
29.exf5 exf5
30.Qf3xc6 Kd8
31.Qc6d7 1-0

[Event "Défi( 10J+24H/c 10J Max )"]
[Site "www.echecsemail.com"]
[Date "2026.01.10"]
[Round "1"]
[White "Patau"]
[Black "Vb83"]
[WhiteElo "1680"]
[BlackElo "1440"]
[Result "1-0"]
1.e4 e6
2.d4 d5
3.exd5 exd5
4.Bf1d3 Nb8c6
5.h3 Nc6xd4
6.Ng1f3 Nd4xf3
7.Qd1xf3 Qd8e7
8.Qf3e3 Qe7xe3
9.Bc1xe3 Ng8f6
10.O-O Bf8d6
11.Nb1c3 O-O
12.Rf1e1 c5
13.Be3g5 Nf6d7
14.Nc3xd5 h6
15.Bg5e7 Bd6xe7
16.Re1xe7 a5
17.Nd5c7 Ra8a7
18.Ra1e1 b6
19.Nc7b5 Bc8a6
20.Nb5xa7 Ba6xd3
21.cxd3 Nd7f6
22.Na7c6 Nf6d5
23.Re7e8 Rf8xe8
24.Re1xe8 Kh7
25.Re8d8 Nd5f6
26.Nc6e5 Nf6h5
27.Ne5xf7 Nh5f4
28.Kf1 Nf4e6
29.Rd8d6 { abandon }1-0

[Event "Défi( 10J+24H/c 10J Max )"]
[Site "www.echecsemail.com"]
[Date "2026.01.10"]
[Round "1"]
[White "Skalfa"]
[Black "Tunnellavage"]
[WhiteElo "1850"]
[BlackElo "1740"]
[Result "0-1"]
1.e4 e5
2.Ng1f3 Nb8c6
3.Nb1c3 Bf8c5
4.Bf1c4 Ng8f6
5.d3 d6
6.h3 h6
7.O-O a6
8.a3 O-O
9.b4 Bc5a7
10.Kh1 Nc6e7
11.Nf3h2 Ne7g6
12.Nc3d5 c6
13.Nd5xf6 Qd8xf6
14.Nh2g4 Qf6h4
15.Kh2 Kh7
16.g3 Qh4e7
17.c3 f5
18.exf5 Bc8xf5
19.d4 d5
20.Bc4b3 Ba7b8
21.dxe5 Ng6xe5
22.Ng4xe5 Qe7xe5
23.Bc1b2 Bf5e4
24.Qd1d2 Rf8f3
25.c4 Qe5c7
26.cxd5 Rf3xg3
27.f4 Rg3g2
28.Qd2xg2 Be4xg2
29.Kxg2 Qc7f7
30.Bb3c2 Kh8
31.dxc6 bxc6
32.f5 Qf7c4
33.Bc2a4 Bb8a7
34.f6 Qc4e2
35.Kg3 Qe2xb2
36.f7 Qb2e5
37.Kg2 Qe5g5
38.Kh2 Ba7b8
39.Kh1 Qg5d5
40.Kg1 Bb8d6
41.Ra1e1 Ra8f8
42.Re1e8 Qd5g5
43.Kh1 Qg5g3
44.Re8xf8 Bd6xf8
45.Ba4xc6 Qg3xh3
46.Kg1 Kh7
47.Rf1f3 Qh3g4
48.Kf2 Qg4d4
49.Ke2 Qd4c4
50.Rf3d3 Qc4xc6
51.Rd3d8 Qc6e6
{ abandon }0-1

[Event "Défi( 10J+24H/c 10J Max )"]
[Site "www.echecsemail.com"]
[Date "2026.01.10"]
[Round "1"]
[White "Luc20"]
[Black "Titit1"]
[WhiteElo "1840"]
[BlackElo "1500"]
[Result "1-0"]
1.b4 Nb8c6
2.b5 Nc6e5
3.e4 Ng8f6
4.d3 d6
5.Bc1b2 Bc8d7
6.a4 e6
7.h3 Bf8e7
8.Nb1d2 O-O
9.Ng1f3 Ne5xf3
10.Nd2xf3 e5
11.Bf1e2 b6
12.c4 Qd8c8
13.O-O Qc8b7
14.Nf3h2 c6
15.Nh2g4 c5
16.Ng4e3 Rf8d8
17.Ne3d5 Nf6xd5
18.cxd5 Be7g5
19.Be2g4 Bd7e8
20.Bb2c1 Bg5f6
21.f4 Bf6h4
22.fxe5 a6
23.e6 f6
24.Bc1f4 a5
25.Bg4f5 Rd8c8
26.Bf4xd6 c4
27.e7 c3
28.Bf5xc8 Qb7xc8
29.Ra1c1 Bh4g5
30.Rc1c2 Qc8d7
31.Bd6a3 Ra8c8
32.d6 Bg5e3
33.Kh1 Qd7e6
34.Qd1b1 Qe6e5
35.Qb1b3 Kh8
36.Rf1f5 Qe5g3
37.Qb3e6 Qg3e1
38.Kh2 Qe1g1
39.Kg3 Qg1e1
40.Kg4 Qe1d1
41.Kh4 Qd1e1
42.Kg4 Rc8b8
43.d7 Be3g5
44.d8Q Qe1h4
45.Kf3 Rb8xd8
46.exd8Q h5
47.Qd8xe8 Kh7
48.Qe6g8 Kh6
49.Qg8h8 1-0

[Event "Défi( 10J+24H/c 10J Max )"]
[Site "www.echecsemail.com"]
[Date "2026.01.10"]
[Round "1"]
[White "Marathonman"]
[Black "Titit1"]
[WhiteElo "2040"]
[BlackElo "1380"]
[Result "1-0"]
1.e4 Ng8f6
2.Nb1c3 Nb8c6
3.Ng1f3 e5
4.a3 Bf8c5
5.Bf1c4 O-O
6.h3 d6
7.d3 Qd8e8
8.Bc1g5 Nf6d7
9.Nc3d5 Ra8b8
10.Nd5xc7 d5
11.Bc4xd5 Qe8d8
12.Bg5xd8 Rf8xd8
13.b4 Bc5b6
14.O-O Bb6xc7
15.c3 Nc6e7
16.c4 Nd7b6
17.a4 Nb6d7
18.Nf3g5 Rd8f8
19.a5 Nd7f6
20.Bd5xf7 Rf8xf7
21.Ng5xf7 Kxf7
22.b5 Bc7d6
23.Qd1f3 Ne7g6
24.Qf3e3 Ng6f4
25.Qe3xa7 Nf4xd3
26.Rf1d1 Bd6c5
27.b6 Nd3b4
28.Qa7xb8 Bc8e6
29.Qb8xb7 Kg6
30.Rd1c1 Nb4d3
31.Rc1c2 Be6f7
32.a6 Nf6h5
33.a7 Nd3f4
34.Qb7c6 Kg5
35.Qc6xc5 Nf4g6
36.a8Q Nh5f4
37.Qc5e3 Bf7e6
38.Qa8d8 Kh6
39.h4 Be6g4
40.Qd8g5 1-0

[Event "Transval 2"]
[Site "www.echecsemail.com"]
[Date "2026.01.10"]
[Round "1"]
[White "Woluwe1975"]
[Black "Abelito"]
[WhiteElo "1630"]
[BlackElo "1580"]
[Result "1-0"]
1.d4 d5
2.Ng1f3 Bc8f5
3.Nb1d2 Ng8f6
4.e3 Qd8d6
5.c3 Nb8c6
6.Qd1a4 a6
7.Bf1b5 Bf5d7
8.Bb5xc6 Bd7xc6
9.Qa4c2 b5
10.O-O e6
11.Nf3e5 Bc6b7
12.f3 c5
13.f4 Nf6e4
14.Nd2xe4 dxe4
15.Qc2e2 f6
16.Qe2h5 g6
17.Ne5xg6 O-O-O
18.Ng6xh8 Rd8d7
19.Qh5e8 Rd7d8
20.Qe8h5 Qd6c7
21.Qh5d1 e5
22.d5 Rd8xd5
23.Qd1h5 exf4
24.Qh5e8 Rd5d8
25.Qe8e6 Qc7d7
26.Qe6b3 Bb7d5
27.Qb3c2 Qd7g7
28.Rf1xf4 Qg7xh8
29.Bc1d2 Bf8h6
30.Rf4f5 Bh6g5
31.a3 Kc7
32.b4 c4
33.a4 Rd8a8
34.Rf5xd5 Kc6
35.Qc2xe4 Ra8e8
36.Rd5c5 Kb6
37.a5 Ka7
38.Rc5c7 { abandon }1-0

[Event "Défi"]
[Site "www.echecsemail.com"]
[Date "2026.01.10"]
[Round "1"]
[White "Payne42"]
[Black "Khamis"]
[WhiteElo "1780"]
[BlackElo "1830"]
[Result "0-1"]
1.d4 d5
2.c4 c6
3.Nb1c3 Bc8f5
4.Ng1f3 h6
5.Bc1f4 Ng8f6
6.h3 e6
7.e3 Bf8b4
8.Bf1d3 Bf5xd3
9.Qd1xd3 O-O
10.O-O Bb4d6
11.Nf3e5 dxc4
12.Qd3xc4 Bd6xe5
13.Bf4xe5 Nb8d7
14.Be5g3 Nd7b6
15.Qc4e2 Nb6d5
16.Ra1d1 Qd8e7
17.a3 Rf8e8
18.b4 Nd5xc3
19.Qe2f3 Nc3xd1
20.Rf1xd1 Ra8d8
21.Bg3h4 g5
22.Bh4g3 Nf6d5
23.Qf3h5 Kh7
24.f4 Nd5xe3
25.Rd1e1 Ne3f5
26.fxg5 Qe7xg5
27.Qh5xg5 hxg5
28.Bg3e5 Nf5xd4
29.Re1f1 Re8f8
30.Kh2 Nd4c2
31.Be5b2 Nc2e3
32.Rf1f3 Ne3c4
33.Bb2c1 Rd8d5
34.Rf3g3 f6
35.Rg3c3 Nc4d6
36.Rc3e3 e5
37.Re3f3 e4
38.Rf3f2 Nd6c4
39.Kg3 e3
40.Rf2e2 Rd5d3
41.Kf3 Rf8e8
42.g4 Nc4xa3
43.Bc1xa3 Rd3xa3
44.Kg3 Ra3b3
45.h4 gxh4
46.Kxh4 Rb3xb4
47.Kg3 Kg6
48.Kf3 Rb4b3
49.Kf4 a5
50.Kf3 a4
51.Kf4 b5
52.Kf3 a3
53.Kf4 Rb3b2
54.Re2xe3 Re8xe3
55.Kxe3 a2
{ abandon }0-1

[Event "Défi( 10J+24H/c 10J Max )"]
[Site "www.echecsemail.com"]
[Date "2026.01.10"]
[Round "1"]
[White "Titit1"]
[Black "Tiounet"]
[WhiteElo "1490"]
[BlackElo "1690"]
[Result "0-1"]
1.e4 a6
2.d4 b5
3.Ng1f3 Bc8b7
4.Bf1d3 Ng8f6
5.h3 Nf6xe4
6.O-O g6
7.Rf1e1 Ne4f6
8.Bc1g5 Bf8g7
9.Nb1d2 O-O
10.Re1e2 Rf8e8
11.Qd1e1 Qd8c8
12.c4 bxc4
13.Bd3xc4 e6
14.Nd2b3 d6
15.Qe1d2 Nb8d7
16.Bg5xf6 Nd7xf6
17.Ra1e1 Bb7xf3
18.gxf3 Nf6h5
19.d5 e5
20.Nb3c1 Nh5f4
21.Re2e4 Nf4xh3
22.Kf1 Qc8f5
23.Qd2e3 Nh3g5
24.Qe3d3 Ng5xf3
25.Re1e3 Nf3h2
26.Ke2 Qf5h5
27.Kd2 Bg7h6
28.Kc2 Bh6xe3
29.fxe3 a5
30.Bc4b5 Re8d8
31.Bb5c6 Ra8a7
32.Kc3 Nh2f3
33.Nc1b3 a4
34.Nb3d2 Nf3e1
35.Qd3b1 Qh5e2
36.Nd2c4 Rd8b8
37.b3 axb3
38.axb3 Ne1f3
39.Qb1h1 Qe2a2
40.Qh1xf3 Rb8xb3
0-1